000 00377nam a22001697a 4500
005 20160629151959.0
008 160629b xxu||||| |||| 00| 0 eng d
020 _a81-85749-56-6
041 _aeng
082 _b12548
100 _aVerma A.P
_93217
245 _aProduction Management
260 _bKatson
_c2012
300 _a335
650 _aManagement
_9241
942 _cBK
999 _c4729
_d4727